000 00799na a2200253 4500
001 13636
003 MIRAKIL
005 20181213155001.0
008 161102b tu 000 0
035 _a13636
040 _aMilas
_btur
_cTR-AnCHP
082 _a305.409561
_bT96 1999
090 _a305.409561 T96 1999
100 _a
245 _aTürkiye'de kadın
_b= Women in Turkey
_cHazırlayan Kadının Statüsü ve Sorunları Genel Müdrülüğü
246 _aWomen in Turkey
260 _aAnkara
_bKadın Statüsü ve Sorunları Genel Müdürlüğü
_c1999
300 _a54 s.
_c18 sm.
650 _aKadın hareketleri
_xTarih
650 _aKadın hakları
650 _aKadınlar
_xSosyo ekonomik durum
_zTürkiye
651 _aTürkiye
_xSosyal politikalar
_yKadın
942 _2dcc
_cBKS
999 _c4313
_d4313